000 00453nam a22001577a 4500
005 20251108170916.0
008 250721s9999 xx 000 0 ara d
082 1 4 _aط/411.7/خط
245 1 0 _aالخط العربي الألف باء :
_bرقعة و نسخ /
264 1 _aجده :
_bدار المطبوعات الحديثة،
300 _a27ص
650 1 7 _aاللغة العربية
650 1 7 _aالخط
942 _2ddc
_cBK
999 _c51886
_d51886